| 000 | 00768nam a2200229Ia 4500 | ||
|---|---|---|---|
| 001 | 10336 | ||
| 003 | GE_BSU | ||
| 008 | 181216s||||||||xx |||||||||||||| ||und|| | ||
| 040 | _cGE_BSU | ||
| 080 | _a821.353.1–32 | ||
| 100 | _aტიკარაძე,ჯუმბერ | ||
| 245 | _aგზა მშვიდობისა,ჯარისკაცო! | ||
| 245 | _bმოთხრობა | ||
| 245 | _cრედ.გ.ლაბაძე.მხატვ.ო.სააკაშვილი | ||
| 260 | _aთბილისი | ||
| 260 | _bნაკადული | ||
| 260 | _c1971 | ||
| 300 | _a190გვ.20სმ. | ||
| 653 | _aგზა მშვიდობისა,ჯარისკაცო! | ||
| 653 | _aმოთხრობა | ||
| 942 | _cBK | ||
| 999 |
_c43601 _d43601 |
||